00995nam a2200205Ia 4500952010200000999001700102008004100119020001500160050001400175100002700189245006000216260003100276300002700307500002400334500004500358505029600403519004300699650003500742942001200777 00104070a04b04d2012-03-07l1oHD37 R49p04 003985r2017-11-11s2017-11-11t1w2012-06-24yLB c63085d63085120625s2003 mx 000 0 spa d a968180275614aHD37bR49 aReyes Ponce, Agustín10aAdministración por objetivosc/ Agustín Reyes Ponce3 aMéxicob: Limusac, 1980 a156 páginasc; 23 cm aReimpresión: 2003 aIncluye: Bibliografía (pp. 151 - 156) aConcepto de administración Objetivos y resultados Proceso de la administración por resultados Participación de jefes inferiores Ayuda para la fijación de los objetivos Desarrollo y mantenimiento de un sistemas de administración por resultados Problemas, beneficios y limitaciones aMaterial Complementario /d(04 003985)10aADMINISTRACIÓN POR OBJETIVOS 2lcccLB